Normal view
MARC view
- Bilgrami, Dr Hamid Hassan
Entry Personal Name
001 - CONTROL NUMBER
- control field: 51031
003 - CONTROL NUMBER IDENTIFIER
- control field: NUST
005 - DATE AND TIME OF LATEST TRANSACTION
- control field: 20210314134855.0
008 - FIXED-LENGTH DATA ELEMENTS
- fixed length control field: 210314|| aca||aabn | a|a d
040 ## - CATALOGING SOURCE
- Original cataloging agency: NUST
- Transcribing agency: NUST
100 ## - HEADING--PERSONAL NAME
- Personal name: Bilgrami, Dr Hamid Hassan
670 ## - SOURCE DATA FOUND
- Source citation: Work cat.: (NUST): Bilgrami, Dr Hamid Hassan, نورمبین صلی اللہ علیہ و آلہ وسلم کےسات انوار , 1992.
